000
00180nam a22000977a 4500
999
_c
67133
_d
67130
082
_a
ROD
100
_a
D.Roddy
245
_a
Satellite Communication
300
_a
569p
942
_c
BK